书目信息 |
| 题名: |
社会调查研究方法
|
|
| 作者: | 范伟达 , 范冰 编著 | |
| 分册: | ||
| 出版信息: | 上海 复旦大学出版社 2024.01 |
|
| 页数: | 430页 | |
| 开本: | 20cm | |
| 丛书名: | 复旦博学. 社会学系列 | |
| 单 册: | ||
| 中图分类: | C915-31 | |
| 科图分类: | ||
| 主题词: | 社会调查 , 社会分析 | |
| 电子资源: | ||
| ISBN: | 978-7-309-07331-7 | |
| 000 | 00886nam0 2200253 450 | |
| 001 | 2560201491 | |
| 005 | 20251216164551.46 | |
| 010 | @a978-7-309-07331-7@dCNY68.00 | |
| 100 | @a20251216d2024 km y0chiy0120 ea | |
| 101 | 0 | @achi |
| 102 | @aCN@b310000 | |
| 200 | 1 | @a社会调查研究方法@AShe Hui Diao Cha Yan Jiu Fang Fa@f范伟达, 范冰编著@FFan Wei Da,Fan Bing Bian Zhu |
| 210 | @a上海@c复旦大学出版社@d2024.01 | |
| 215 | @a430页@d20cm | |
| 225 | 2 | @a复旦博学. 社会学系列 |
| 330 | @a本书是作者10年前所编著的《现代社会研究方法》教材的第二版或称姐妹篇。 本书阐明社会调查研究就是中国特色的社会研究, 是社会研究的中国化或本土化。 | |
| 410 | 0 | @12001 @a复旦博学. 社会学系列 |
| 606 | 0 | @a社会调查 |
| 606 | 0 | @a社会分析 |
| 690 | @aC915-31@v4 | |
| 701 | 0 | @a范伟达@AFan Wei Da@4编著 |
| 701 | 0 | @a范冰@AFan Bing@4编著 |
| 801 | 0 | @aCN@b河南城建学院图书馆@c20251216 |
| 905 | @dC915-31@eF140 | |
| 社会调查研究方法/范伟达, 范冰编著.-上海:复旦大学出版社,2024.01 |
| 430页;20cm.-(复旦博学. 社会学系列) |
| ISBN 978-7-309-07331-7:CNY68.00 |
| 本书是作者10年前所编著的《现代社会研究方法》教材的第二版或称姐妹篇。 本书阐明社会调查研究就是中国特色的社会研究, 是社会研究的中国化或本土化。 |
| ● |
| 相关链接 |
|
|
|
正题名:社会调查研究方法
索取号:C915-31/F140
 
预约/预借
| 序号 | 登录号 | 条形码 | 馆藏地/架位号 | 状态 | 备注 |
| 1 | 1556717 | 215567170 | 建筑与城市规划学院资料室/ [索取号:C915-31/F140] | 在馆 | |
| 2 | 1556718 | 215567189 | 建筑与城市规划学院资料室/ [索取号:C915-31/F140] | 在馆 |